[Event "DEM U16 2025"]
[Site "Willingen GER"]
[Date "2025.06.08"]
[Round "1"]
[White "Bock, Leonas"]
[Black "Fruth, David"]
[Result "0-1"]
[Termination "normal"]
[Board "15"]
[WhiteElo "1659"]
[BlackElo "2131"]
[WhiteClock "00:00:33"]
[BlackClock "00:49:52"]
[PlyCount "62"]
[WhiteFideId "16287118"]
[BlackFideId "16257596"]
[EventCountry "GER"]
[EventRounds "9"]
[EventType "swiss"]
[EventDate "2025.06.07"]

1. d4 {[%clk 01:30:57]} {[%emt 00:00:02]} Nf6 {[%clk 01:30:58]} {[%emt
00:00:02]} 2. Nf3 {[%clk 01:31:14]} {[%emt 00:00:13]} e6 {[%clk 01:31:24]}
{[%emt 00:00:04]} 3. e3 {[%clk 01:31:35]} {[%emt 00:00:08]} b6 {[%clk
01:31:51]} {[%emt 00:00:03]} 4. Bd3 {[%clk 01:31:25]} {[%emt 00:00:40]} Bb7
{[%clk 01:32:00]} {[%emt 00:00:22]} 5. O-O {[%clk 01:30:56]} {[%emt 00:00:59]}
d5 {[%clk 01:32:24]} {[%emt 00:00:06]} 6. Nbd2 {[%clk 01:30:21]} {[%emt
00:01:05]} c5 {[%clk 01:29:01]} {[%emt 00:03:53]} 7. b3 {[%clk 01:30:08]}
{[%emt 00:00:43]} Nc6 {[%clk 01:29:27]} {[%emt 00:00:04]} 8. a3 {[%clk
01:29:32]} {[%emt 00:01:05]} Bd6 {[%clk 01:29:25]} {[%emt 00:00:33]} 9. Bb2
{[%clk 01:29:55]} {[%emt 00:00:07]} O-O {[%clk 01:26:33]} {[%emt 00:03:22]} 10.
Ne5 {[%clk 01:29:14]} {[%emt 00:01:10]} Ne7 {[%clk 01:26:28]} {[%emt 00:00:36]}
11. Qe2 {[%clk 01:22:46]} {[%emt 00:06:58]} Qc7 {[%clk 01:23:35]} {[%emt
00:03:22]} 12. Rac1 {[%clk 01:18:14]} {[%emt 00:05:02]} Ne4 {[%clk 01:22:35]}
{[%emt 00:01:31]} 13. f4 {[%clk 01:10:49]} {[%emt 00:07:55]} cxd4 {[%clk
01:18:49]} {[%emt 00:04:18]} 14. exd4 {[%clk 01:06:24]} {[%emt 00:04:54]} Nxd2
{[%clk 01:08:31]} {[%emt 00:10:48]} 15. Qxd2 {[%clk 01:05:53]} {[%emt
00:01:00]} f6 {[%clk 01:05:45]} {[%emt 00:03:17]} 16. Qe3 {[%clk 00:45:24]}
{[%emt 00:20:59]} Nf5 {[%clk 01:01:35]} {[%emt 00:04:39]} 17. Bxf5 {[%clk
00:43:05]} {[%emt 00:02:49]} exf5 {[%clk 01:02:01]} {[%emt 00:00:04]} 18. Nd3
{[%clk 00:42:10]} {[%emt 00:01:25]} Rfe8 {[%clk 01:00:27]} {[%emt 00:02:04]}
19. Qd2 {[%clk 00:36:05]} {[%emt 00:06:35]} Re4 {[%clk 00:58:58]} {[%emt
00:01:59]} 20. g3 {[%clk 00:27:12]} {[%emt 00:09:24]} Rae8 {[%clk 00:58:14]}
{[%emt 00:01:13]} 21. Rfe1 {[%clk 00:22:35]} {[%emt 00:05:07]} Qe7 {[%clk
00:54:25]} {[%emt 00:04:19]} 22. Kf2 {[%clk 00:16:18]} {[%emt 00:06:46]} Qf7
{[%clk 00:53:47]} {[%emt 00:01:09]} 23. Kg2 {[%clk 00:08:32]} Qh5 {[%clk
00:54:00]} {[%emt 00:08:33]} 24. Nf2 {[%clk 00:05:55]} Re2 {[%clk 00:52:53]}
{[%emt 00:04:44]} 25. Rxe2 {[%clk 00:04:57]} Rxe2 {[%clk 00:53:14]} {[%emt
00:01:37]} 26. Qd3 {[%clk 00:03:58]} Qe8 {[%clk 00:49:31]} {[%emt 00:05:43]}
27. Kf3 {[%clk 00:01:30]} {[%emt 00:02:57]} Ba6 {[%clk 00:49:35]} {[%emt
00:00:27]} 28. c4 {[%clk 00:01:23]} {[%emt 00:00:36]} Rxb2 {[%clk 00:49:38]}
{[%emt 00:00:27]} 29. Ra1 {[%clk 00:00:34]} {[%emt 00:01:20]} Bb7 {[%clk
00:49:20]} {[%emt 00:00:47]} 30. c5 {[%clk 00:00:33]} {[%emt 00:00:31]} Qe4+
{[%clk 00:49:42]} {[%emt 00:00:08]} 31. Qxe4 {[%clk 00:00:33]} {[%emt
00:00:30]} dxe4+ {[%clk 00:49:52]} {[%emt 00:00:21]} 0-1

[Event "DEM U16 2025"]
[Site "Willingen GER"]
[Date "2025.06.08"]
[Round "1"]
[White "Weber, Nikita"]
[Black "Jung, Marcel"]
[Result "1-0"]
[Termination "normal"]
[Board "16"]
[WhiteElo "2074"]
[BlackElo "1728"]
[WhiteClock "00:08:59"]
[BlackClock "00:06:20"]
[PlyCount "79"]
[WhiteFideId "34608770"]
[BlackFideId "34673881"]
[EventCountry "GER"]
[EventRounds "9"]
[EventType "swiss"]
[EventDate "2025.06.07"]

1. d4 {[%clk 01:30:57]} {[%emt 00:00:01]} Nf6 {[%clk 01:30:40]} {[%emt
00:00:20]} 2. c4 {[%clk 01:31:26]} {[%emt 00:00:02]} g6 {[%clk 01:30:36]}
{[%emt 00:00:34]} 3. h4 {[%clk 01:31:50]} {[%emt 00:00:05]} Bg7 {[%clk
01:29:01]} {[%emt 00:02:04]} 4. Nc3 {[%clk 01:32:09]} {[%emt 00:00:13]} c5
{[%clk 01:27:00]} {[%emt 00:02:31]} 5. d5 {[%clk 01:32:31]} {[%emt 00:00:07]}
d6 {[%clk 01:26:49]} {[%emt 00:00:42]} 6. e4 {[%clk 01:32:27]} {[%emt
00:00:34]} e6 {[%clk 01:23:44]} {[%emt 00:03:35]} 7. Be2 {[%clk 01:32:20]}
{[%emt 00:00:37]} exd5 {[%clk 01:20:17]} {[%emt 00:03:57]} 8. exd5 {[%clk
01:30:23]} {[%emt 00:02:27]} O-O {[%clk 01:17:13]} {[%emt 00:03:34]} 9. h5
{[%clk 01:26:03]} {[%emt 00:04:49]} Qe7 {[%clk 01:12:19]} {[%emt 00:05:24]} 10.
h6 {[%clk 01:18:01]} {[%emt 00:08:32]} Bh8 {[%clk 01:11:35]} {[%emt 00:01:13]}
11. Bf4 {[%clk 01:15:13]} {[%emt 00:03:18]} Ne4 {[%clk 00:57:13]} {[%emt
00:14:52]} 12. Qd3 {[%clk 00:43:36]} {[%emt 00:32:08]} Nxc3 {[%clk 00:46:35]}
{[%emt 00:11:06]} 13. bxc3 {[%clk 00:44:01]} {[%emt 00:00:06]} Bf5 {[%clk
00:46:45]} {[%emt 00:00:20]} 14. Qg3 {[%clk 00:41:11]} {[%emt 00:03:20]} Re8
{[%clk 00:35:58]} {[%emt 00:11:16]} 15. Rc1 {[%clk 00:30:20]} {[%emt 00:11:21]}
Qe4 {[%clk 00:30:06]} {[%emt 00:06:19]} 16. Kf1 {[%emt 00:02:30]} Nd7 {[%clk
00:20:50]} {[%emt 00:09:42]} 17. Bxd6 {[%clk 00:25:41]} {[%emt 00:03:17]} Ne5
{[%clk 00:17:37]} {[%emt 00:03:42]} 18. Rh4 {[%clk 00:25:10]} {[%emt 00:01:01]}
Bg4 {[%clk 00:11:28]} {[%emt 00:06:38]} 19. Bxg4 {[%clk 00:24:14]} {[%emt
00:01:26]} Bf6 {[%clk 00:10:51]} {[%emt 00:01:06]} 20. Bxe5 {[%clk 00:21:27]}
{[%emt 00:03:18]} Bxh4 {[%clk 00:10:57]} {[%emt 00:00:24]} 21. Qxh4 {[%clk
00:21:48]} {[%emt 00:00:10]} Qxe5 {[%clk 00:11:04]} {[%emt 00:00:23]} 22. Ne2
{[%clk 00:16:10]} {[%emt 00:06:07]} Rad8 {[%clk 00:11:06]} {[%emt 00:00:28]}
23. Bf3 {[%clk 00:15:55]} {[%emt 00:00:46]} Rd6 {[%clk 00:10:48]} {[%emt
00:00:47]} 24. Qg3 {[%clk 00:14:45]} {[%emt 00:01:42]} Qe7 {[%clk 00:09:46]}
{[%emt 00:01:32]} 25. Kg1 {[%clk 00:11:53]} {[%emt 00:03:22]} Ra6 {[%clk
00:09:42]} {[%emt 00:00:33]} 26. Rb1 {[%clk 00:11:17]} {[%emt 00:01:06]} Rd8
{[%clk 00:08:46]} {[%emt 00:01:27]} 27. Ra1 {[%clk 00:08:57]} {[%emt 00:02:50]}
Rdd6 {[%clk 00:08:51]} {[%emt 00:00:25]} 28. Qg4 {[%clk 00:08:39]} {[%emt
00:00:47]} f5 {[%clk 00:08:23]} {[%emt 00:00:58]} 29. Qf4 {[%clk 00:08:31]}
{[%emt 00:00:38]} Qf6 {[%clk 00:08:26]} {[%emt 00:00:27]} 30. Qe3 {[%clk
00:08:58]} {[%emt 00:00:03]} g5 {[%clk 00:07:58]} {[%emt 00:00:57]} 31. Ng3
{[%clk 00:07:21]} {[%emt 00:02:08]} f4 {[%clk 00:07:45]} {[%emt 00:00:43]} 32.
Qe8+ {[%clk 00:07:50]} Qf8 {[%clk 00:08:14]} 33. Qxf8+ {[%clk 00:08:12]} {[%emt
00:00:08]} Kxf8 {[%clk 00:08:39]} {[%emt 00:00:05]} 34. Ne4 {[%clk 00:08:34]}
{[%emt 00:00:08]} Rxh6 {[%clk 00:08:09]} {[%emt 00:01:00]} 35. Nxc5 {[%clk
00:08:57]} {[%emt 00:00:07]} Ra3 {[%clk 00:08:33]} {[%emt 00:00:06]} 36. Nxb7
{[%clk 00:08:37]} {[%emt 00:00:50]} Rxc3 {[%clk 00:08:57]} {[%emt 00:00:05]}
37. c5 {[%clk 00:08:57]} {[%emt 00:00:11]} Rg6 {[%clk 00:05:43]} {[%emt
00:03:44]} 38. d6 {[%clk 00:08:57]} {[%emt 00:00:29]} Ke8 {[%clk 00:06:03]}
{[%emt 00:00:11]} 39. Bh5 {[%clk 00:09:25]} {[%emt 00:00:02]} Kd7 {[%clk
00:06:20]} {[%emt 00:00:13]} 40. Bg4+ {[%clk 00:08:59]} {[%emt 00:00:56]} 1-0